| 000 | 01096nam a22003257a 4500 | ||
|---|---|---|---|
| 003 | CHAP | ||
| 005 | 20220329141139.0 | ||
| 008 | 971010s1976 r 00010 d | ||
| 010 | _a63396 | ||
| 011 | _a64368 | ||
| 035 | _a69677 | ||
| 040 | _cCHAP | ||
| 090 | _aFolleto 6673 | ||
| 100 | 0 | 0 |
_aJoseph Nathan, Pedro. _962192 |
| 245 | 1 | _aMétodos clásicos de separación | |
| 260 |
_aMéxico, D.F. : _bAsociación Nacional de Universidades e Institutos de Enseñanza Superior, _c1976 |
||
| 300 |
_a75 p. _b: ilus. |
||
| 490 | _aANUIES. Temas básicos | ||
| 590 |
_aBATCH-UPD _b10 _c20130110 _lUCH01 _h0545 |
||
| 590 |
_aBATCH-UPD _b10 _c20130410 _lUCH01 _h0226 |
||
| 590 |
_aBATCH-UPD _b10 _c20130914 _lUCH01 _h1705 |
||
| 590 |
_aCONVERSION _b10 _c20130109 _lUCH01 _h1334 |
||
| 650 | 1 | 4 |
_aQuímica. _993552 |
| 830 | 0 |
_aANUIES. Temas basicos _96162 |
|
| 901 | _aBK | ||
| 942 | _cFOLL | ||
| 949 |
_aFolleto 6673 _bBC _cFOLL _d-57620 _eTS1 _i69677 _si _t21.00 |
||
| 949 |
_aFolleto 6673 _bBC _cFOLL _d-57621 _eTS2 _fc.2 _i69677 _si _t21.00 |
||
| 949 |
_aFolleto 6673 _bBC _cFOLL _d-57624 _eTS2 _fc.3 _i69677 _si _t21.00 |
||
| 999 |
_c63396 _d63396 |
||